000 00451nam a2200169Ia 4500
003 LK-CoDNM
008 010623t2008 xxu||||| |||| 00| 1 sin d
040 _aLK-CoDNM
_dLK-CoDNM
_eLK-CoDNM
041 _asin
080 _a659.9
_bWEE
100 _aWeerakoon,Indika
245 _aසන්නිවේදනය සහ භාවිතය
246 _aSanniwedanaya saha Bhavithaya
260 _bAuthor
_c2008
300 _b331p, 21 cm
942 _cBK
999 _c128159
_d128159